| 000 | 00572cam a2200193 4500500 | ||
|---|---|---|---|
| 005 | 20260329002928.0 | ||
| 041 | _afre | ||
| 042 | _adc | ||
| 100 | 1 | 0 |
_aEltchaninoff, Michel _eauthor |
| 245 | 0 | 0 | _aQuenelle. Le rebelle grégaire |
| 260 | _c2014. | ||
| 500 | _a86 | ||
| 690 | _aAnticonformisme | ||
| 690 | _aConformisme | ||
| 690 | _aDieudonné | ||
| 690 | _aQuenelle | ||
| 786 | 0 | _nPhilosophie magazine | 78 | 4 | 2014-04-01 | p. 5-5 | 1951-1787 | |
| 856 | 4 | 1 | _uhttps://shs.cairn.info/magazine-philosophie-magazine-2014-4-page-5?lang=fr&redirect-ssocas=7080 |
| 999 |
_c1819753 _d1819753 |
||